College algebra (Record no. 59410)

MARC details
000 -LEADER
fixed length control field 00531nam a22001817a 4500
005 - DATE AND TIME OF LATEST TRANSACTION
control field 20221122091640.0
040 ## - CATALOGING SOURCE
Transcribing agency urs
050 ## - LIBRARY OF CONGRESS CALL NUMBER
Classification number QA 154.2 G47 2000
100 ## - MAIN ENTRY--PERSONAL NAME
9 (RLIN) 2999
Personal name Gerardo, Elsa F.
Relator term author
245 ## - TITLE STATEMENT
Title College algebra
Statement of responsibility, etc Elsa F. Gerardo, Sergio E. Ymas, Jr.
260 ## - PUBLICATION, DISTRIBUTION, ETC. (IMPRINT)
Place of publication, distribution, etc Manila
Name of publisher, distributor, etc Feliber Publishing House
Date of publication, distribution, etc 2000
336 ## - CONTENT TYPE
Source rdacontent
Content type term text
Content type code txt
337 ## - MEDIA TYPE
Source rdamedia
Media type term unmediated
Media type code n
338 ## - CARRIER TYPE
Source rdacarrier
Carrier type term volume
Carrier type code nc
650 #0 - SUBJECT ADDED ENTRY--TOPICAL TERM
9 (RLIN) 192
Topical term or geographic name as entry element Algebra.
700 ## - ADDED ENTRY--PERSONAL NAME
9 (RLIN) 3000
Personal name Ymas, Sergio E., Jr.
Relator term author
942 ## - ADDED ENTRY ELEMENTS (KOHA)
Source of classification or shelving scheme Library of Congress Classification
Koha item type Filipiniana
Holdings
Withdrawn status Lost status Source of classification or shelving scheme Damaged status Not for loan Home library Current library Shelving location Date acquired Total Checkouts Full call number Barcode Date last seen Price effective from Koha item type
    Library of Congress Classification     Binangonan College Library Binangonan College Library Filipiniana Section 11/22/2022   QA 154.2 G47 2000 URSBIN-2948 11/22/2022 11/22/2022 Filipiniana

University of Rizal System
Email us at univlibservices@urs.edu.ph

Visit our Website www.urs.edu.ph/library